| 000 | 00000nam##2200000za#4500 |
| 001 | 9.615774 |
| 003 | CaOODSP |
| 005 | 20201118084523 |
| 007 | ta |
| 008 | 150406|1999||||xxc||||| f|0| 0 eng|d |
| 040 | |aCaOODSP|beng |
| 043 | |an-cn--- |
| 086 | 1 |aH113-2/9-1999E |
| 110 | 1 |aCanada. |bPest Management Regulatory Agency. |
| 245 | 10|aFact sheet on Integrated Pest Management Partnership Program |
| 260 | |aOttawa - Ontario : |bHealth Canada. |c1999. |
| 490 | 1 |aFact sheet |
| 563 | |aPamphlet |
| 590 | |a02-06|b2002-02-08 |
| 690 | 07|aPesticides|2gcpds |
| 690 | 07|aFederal programs|2gcpds |
| 775 | 08|tFiche technique sur projets de partenariat en matière de lutte intégrée |w(CaOODSP)9.625793 |
| 776 | 0#|tFact sheet on Integrated Pest Management partnership program |w(CaOODSP)9.572777 |
| 830 | #0|aFact sheet.|w(CaOODSP)9.514698 |